000 00522ntaaa2200193 4500
003 01
005 20251027202454.0
008 0714s1973 ag 01
040 _aAR-BaBN
_bspa
_cAR-BaBN
_eaacr
_dRIC
082 _a268.4330 L11
100 _aLackey, James V.
_920552
245 _aYoung people and the Sunday School challenge
250 _a1 ed.
260 _aNashville :
_bConvention Press,
_cc1960
300 _axiii, 144 p.
500 _a"los jovenes en la escuela dominical"
650 _aJovenes
_91664
942 _cBK
999 _c19723
_d19723